| 000 | 01223nam0a22003011 4500 | ||
|---|---|---|---|
| 001 | v19\rc\1595826 | ||
| 005 | 20250618215643.0 | ||
| 035 | _a(NLR Aleph) 004719259 | ||
| 090 |
_a4309282 _c4309282 |
||
| 100 | _a20061002e18951895|||y0rusy50 ca | ||
| 101 | 0 | _arus | |
| 102 | _aRU | ||
| 105 | _ay z ||||| | ||
| 200 | 1 |
_aАкты так называемого Последнего Софийского собора (1450 г.) и их историческое достоинство _f[Х. Папаиоанну] |
|
| 210 |
_a[Санкт-Петербург] _cтип. Акад. наук _dценз. 1895 |
||
| 215 |
_a22 с. _d26 |
||
| 300 | _aАвт. указан в конце текста | ||
| 309 | _aБез тит. л. и обл. | ||
| 311 | _aОтт. из № 3 "Визант. временника". 1895 г. | ||
| 316 |
_aЭкз. РНБ (38.18.5.20): с автогр. авт. _5NLR: 38.18.5.20 |
||
| 488 | 0 |
_12001#$aВизантийский временник$v1895, № 3 _tВизантийский временник |
|
| 700 | 1 |
_aПапаиоанну _bХ. |
|
| 801 | 0 |
_aRU _bNLR _gpsbo |
|
| 801 | 0 |
_aRU _bRuMoRGB _2psbo |
|
| 801 | 1 |
_aRU _bProSoft-M _2rusmarc |
|
| 852 |
_aNLR _j38.18.5.20 |
||
| 942 | _cBOOK | ||
| 980 | _aNB | ||